000 00349 a2200157 4500
001 74802
020 _a9788581930664
040 _cAnchieta - Colégio São Paulo
100 _aRufinoni, Priscila Rossinetti
240 1 0 _aCandido Portinari
_lpor
245 1 0 _aCandido Portinari
300 _a93
362 0 _a0
650 4 _aPintura
942 _cBK
999 _c74802
_d74802